000 00364nam a2200157Ia 4500
008 151213s9999 xx 000 0 und d
100 _aR. E. Hall
245 _aMacro Economics
_cR. E. Hall
250 _a4th
260 _aNew York
_bW.W.Norton
_c1993
300 _a2644 p.
650 _aEconomics
650 _aEconomics
700 _aR. E. Hall
999 _c1756
_d1756